Erich Kleiber
Uloženo v:
| Hlavní autor: | |
|---|---|
| Médium: | Kniha |
| Jazyk: | španělština |
| Vydáno: |
Buenos Aires
Sudamericana
1958
|
| Témata: | |
| Tagy: |
Přidat tag
Žádné tagy, Buďte první, kdo vytvoří štítek k tomuto záznamu!
|
MARC
| LEADER | 00000nam a2200000 a 4500 | ||
|---|---|---|---|
| 001 | UCW2407 | ||
| 003 | CL-VaPUC | ||
| 005 | 20231113095546.0 | ||
| 008 | 891121e19580000AG |||||||||||||||||spa|d | ||
| 999 | |c 216957 |d 216955 | ||
| 040 | |c Pontificia Universidad Católica de Valparaíso | ||
| 082 | 0 | 4 | |a 780.92 RUS 1958 |2 21 |
| 100 | 0 | |a Russell, John |e author |9 306508 | |
| 245 | 1 | 0 | |a Erich Kleiber |
| 260 | |a Buenos Aires |b Sudamericana |c 1958 | ||
| 300 | |a 297 p | ||
| 583 | |a last modification |c 19891121 00:00:00 |k Rodrigo Vera | ||
| 600 | 0 | |a Kleiber, Erich |2 CL-VaPUC |9 306509 | |
| 650 | 0 | |a Ópera |2 CL-VaPUC |9 306284 | |
| 650 | 0 | |a Directores de orquesta |2 CL-VaPUC |9 870104 | |
| 650 | 0 | |a Biografías |9 255210 | |
| 942 | |c BK |2 ddc | ||
| 945 | |d 19891121 00:00:00 | ||
| 952 | |0 0 |1 0 |4 0 |6 780_920000000000000_RUS_1958 |7 0 |8 A |9 203417 |a BIBEDU |b BIBEDU |d 2019-11-15 |i 2706563 |o 780.92 RUS 1958 |p 2706563 |r 2023-01-12 |w 2019-11-15 |y BK |k MUS | ||
| 952 | |0 0 |1 0 |4 0 |6 780_920000000000000_RUS_1958 |7 0 |8 A |9 203418 |a BIBEDU |b BIBEDU |d 2019-11-15 |i 1233475 |o 780.92 RUS 1958 |p 1233475 |r 2023-01-12 |w 2019-11-15 |y BK |k MUS | ||
| 952 | |0 0 |1 0 |4 0 |6 780_920000000000000_RUS_1958 |7 0 |8 A |9 203419 |a BIBEDU |b BIBEDU |d 2019-11-15 |i 1233483 |o 780.92 RUS 1958 |p 1233483 |r 2023-01-12 |w 2019-11-15 |y BK |k MUS | ||
| 952 | |0 0 |1 0 |4 0 |6 780_920000000000000_RUS_1958 |7 0 |8 X |9 203420 |a FDOBUD |b FDOBUD |d 2019-11-15 |i 4400992 |o 780.92 RUS 1958 |p 4400992 |r 2019-11-15 |w 2019-11-15 |y BK_X |k BUD | ||